000 00291nam a22001337a 4500
020 _a978-93-94296-06-0
082 _a823SAH/H
100 _aSAHNI
245 _aSTORY BOOK OF HITOPADESHA
260 _aAGRA
_bSAHNI SONS
300 _a16
650 _aCHILDRENS STORY BOOK
_zINDIA
942 _cBK
999 _c7053
_d7053